00479nam a2200157Ia 4500008004100000020001800041082001500059100003900074245002900113250000800142260005000150300003100200500001900231600002100250650005000271240925s9999 xx 000 0 und d a9789332575776 a005.43 TAN aTanenbaum, Andrew S.; Bos, Herbert 0aModern Operating Systems a4th aUttar Pradesh:bPearson Education Incc,2016. aVarious pagesb0fOriginal aIncludes Index aComputer Science aComputer science, information & general works